000 01066nam a22002777a 4500
003 dpl
005 20180629121747.0
008 180629b xxu||||| |||| 00| 0 eng d
010 _aA-575321
020 _c100.00
035 _aA-575321, A-575326
037 _bCen Lib/Ret
040 _aDPL
_bHN
_c0
082 _a
_bत्रिवेदी
100 _aत्रिवेदी, रज्जन
_969279
245 _aचन्दन-वन के सहजीवी /
_cरज्जन त्रिवेदी
246 _aChandan-van ke shajivi /
_bby Rajjan Trivedi
260 _aदिल्ली
_bराजेश प्रकाशन
_c1991
270 _aज़ी-62, गली-5, अर्जुन नगर
_bदिल्ली
_e110051
300 _a300पृ.
_c21सेमी (सजिल्द)
650 _aहिन्दी साहित्य
_969280
650 _aउपन्यास
_969281
650 _aHindi literature
_969282
650 _aFiction
_98901
942 _2ddc
_cHN
_h
_mत्रिवेदी
999 _c116961
_d116961